000 00395nam a22001697a 4500
003 MPLRDC
005 20220104124112.0
008 210129b ||||| |||| 00| 0 eng d
082 _a868.71 DMH-3
100 _a端木虹
245 _a湖的传说
_c
250 _a初版
260 _a
_b南马文艺研究会
_c1984
300 _b
650 _a马华文学
942 _cBK
_o868.71 DMH-3
999 _c16657
_d16647